<?xml version="1.0" encoding="UTF-8"?>
<record
    xmlns:xsi="http://www.w3.org/2001/XMLSchema-instance"
    xsi:schemaLocation="http://www.loc.gov/MARC21/slim http://www.loc.gov/standards/marcxml/schema/MARC21slim.xsd"
    xmlns="http://www.loc.gov/MARC21/slim">

  <leader>00982    a2200241   4500</leader>
  <datafield tag="010" ind1=" " ind2=" ">
    <subfield code="a">ENG-88519</subfield>
  </datafield>
  <datafield tag="020" ind1=" " ind2=" ">
    <subfield code="a">8189547143</subfield>
    <subfield code="c">650.00</subfield>
  </datafield>
  <datafield tag="035" ind1=" " ind2=" ">
    <subfield code="a">EN-72052</subfield>
  </datafield>
  <datafield tag="037" ind1=" " ind2=" ">
    <subfield code="b">DBAD / PUB</subfield>
  </datafield>
  <datafield tag="082" ind1="1" ind2="4">
    <subfield code="a">670.285</subfield>
  </datafield>
  <datafield tag="090" ind1=" " ind2=" ">
    <subfield code="c">8765</subfield>
    <subfield code="d">8765</subfield>
  </datafield>
  <datafield tag="111" ind1=" " ind2="1">
    <subfield code="a">National Conference on Automation in Manufacturing Technology</subfield>
    <subfield code="c">New Delhi (India)</subfield>
    <subfield code="d">March 24-25, 2006:</subfield>
  </datafield>
  <datafield tag="245" ind1=" " ind2="1">
    <subfield code="a"> Automation in manufacturing technology</subfield>
    <subfield code="c">edited by S.C. Gupta ... [et al]</subfield>
    <subfield code="b">proceedings of national conference, March 24-25,2006 organized by Northern India Engineering College, New Delhi</subfield>
  </datafield>
  <datafield tag="260" ind1=" " ind2=" ">
    <subfield code="a">Delhi</subfield>
    <subfield code="b">Wisdom Publications</subfield>
    <subfield code="c">2006</subfield>
  </datafield>
  <datafield tag="270" ind1=" " ind2=" ">
    <subfield code="a">C-14, D.S.I.D.C. Work Centre, Jhilmil Colony,</subfield>
    <subfield code="b">Delhi</subfield>
    <subfield code="e">110 095</subfield>
    <subfield code="k">22162365, 9891185157</subfield>
  </datafield>
  <datafield tag="300" ind1=" " ind2=" ">
    <subfield code="a">446p.</subfield>
    <subfield code="c">24cm  (Hb)</subfield>
  </datafield>
  <datafield tag="700" ind1=" " ind2=" ">
    <subfield code="a">Gupta, S.C.</subfield>
  </datafield>
  <datafield tag="700" ind1=" " ind2=" ">
    <subfield code="a">Arora, S.S.</subfield>
  </datafield>
  <datafield tag="700" ind1=" " ind2=" ">
    <subfield code="a">Sharma, Rishu</subfield>
  </datafield>
  <datafield tag="700" ind1=" " ind2=" ">
    <subfield code="a">Mohit Singh</subfield>
  </datafield>
  <datafield tag="942" ind1=" " ind2=" ">
    <subfield code="a">dpl</subfield>
    <subfield code="c">EN</subfield>
    <subfield code="k">670.285 / NAT</subfield>
  </datafield>
  <datafield tag="999" ind1=" " ind2=" ">
    <subfield code="c">8607</subfield>
    <subfield code="d">8607</subfield>
  </datafield>
  <datafield tag="952" ind1=" " ind2=" ">
    <subfield code="0">0</subfield>
    <subfield code="1">0</subfield>
    <subfield code="2">ddc</subfield>
    <subfield code="4">0</subfield>
    <subfield code="7">0</subfield>
    <subfield code="a">DBAD</subfield>
    <subfield code="b">DBAD</subfield>
    <subfield code="l">0</subfield>
    <subfield code="o">670.285 </subfield>
    <subfield code="p">EN-72052</subfield>
    <subfield code="r">2008-09-15 00:00:00</subfield>
    <subfield code="u">9547</subfield>
    <subfield code="v">650.00</subfield>
    <subfield code="w">2008-09-15</subfield>
    <subfield code="y">EN</subfield>
  </datafield>
</record>
